01085pam a2200241 a 450000100070000000500170000700800410002401000170006502000220008205000230010410000230012724501150015026000690026530000410033450001290037550400300050460000590053460000510059365000520064465000760069671000380077271000330081051765120170113083619.0861126s1987 caua cb 000 0 eng  a 86027738  a0875871356 (pbk.)00aNK4150.6 .P73 19871 aPratapaditya, Pal.10aIcons of piety, images of whimsy :bAsian terra-cottas from the Walter-Grounds Collection /cPratapaditya Pal. aLos Angeles, Calif. :bLos Angeles County Museum of Art,cc1987. a124 p. :bill. (some col.) ;c30 cm. aCatalog of an exhibition held by the Los Angeles County Museum of Art and circulated by the American Federation of the Arts. aBibliography: p. 121-123.10aGrounds, Marilyn WalterxArt collectionsxExhibitions.10aWalter, Paul F.xArt collectionsxExhibitions. 0aTerra-cotta figurineszSouth AsiaxExhibitions. 0aTerra-cotta figurinesxPrivate collectionszUnited StatesxExhibitions.2 aLos Angeles County Museum of Art.2 aAmerican Federation of Arts.